| 000 | 00608nam a22002057a 4500 | ||
|---|---|---|---|
| 999 |
_c7744 _d7744 |
||
| 003 | GBCCL | ||
| 005 | 20241126110635.0 | ||
| 008 | 180917b ||||| |||| 00| 0 eng d | ||
| 020 | _a0890661448 | ||
| 040 | _cGBC | ||
| 082 |
_a248.83 _bMYR |
||
| 100 |
_aMyra, Harold L. _913535 |
||
| 245 |
_aThe new you : _bstraight answers to tough questions |
||
| 260 |
_c ©1989. _aMinneapolis, MN : _bWorld Wide Publications, |
||
| 300 | _a76 pages ; 21 cm | ||
| 650 |
_aTeenagers -- Religious life -- Miscellanea. _913536 |
||
| 650 |
_aChristian life. _9183 |
||
| 650 |
_a Conduct of life. _9524 |
||
| 942 |
_2ddc _cBK |
||